Looney Tunes in Real Life Quiz Stats

 Plays Quiz Updated Jan 17, 2016

Also try: Cartoon Dogs
Challenge
Share
Tweet
Score 0/16 Timer 06:00
5 Plays Today
% Correct
Bugs Bunny
99.4%
Daffy Duck
97.7%
Tweety
96.2%
Sylvester
93.5%
Porky Pig
93.4%
Pepé Le Pew
89.1%
Wile E. Coyote
86.3%
Foghorn Leghorn
81.2%
% Correct
The Road Runner
75.3%
The Tasmanian Devil
69.3%
Marvin the Martian
66.2%
Speedy Gonzales
58.3%
Spike
35.8%
Michigan J. Frog
28.8%
Sam Sheepdog
24.5%
Cecil Turtle
13.2%

You're not logged in!

Compare scores with friends on all Sporcle quizzes.
OR
Log In

You Might Also Like...

Show Comments

Extras

Top Quizzes Today


Score Distribution

Your Account Isn't Verified!

In order to create a playlist on Sporcle, you need to verify the email address you used during registration. Go to your Sporcle Settings to finish the process.

Report this User

Report this user for behavior that violates our Community Guidelines.

Details: